Central Library OPAC University of Rajshahi

The financing of economic development / (Record no. 5233)

MARC details
000 -LEADER
fixed length control field 00717cam a22002531 4500
001 - CONTROL NUMBER
control field 5233
003 - CONTROL NUMBER IDENTIFIER
rucl marc code BD-RjUL
005 - DATE AND TIME OF LATEST TRANSACTION
control field 20211208234032.0
008 - FIXED-LENGTH DATA ELEMENTS--GENERAL INFORMATION
fixed length control field 160726s1962 ii a b 001 0 eng d
035 ## - SYSTEM CONTROL NUMBER
System control number (BD-RjUL)5269
System control number (OCoLC)3551864
040 ## - CATALOGING SOURCE
Original cataloging agency DLC
Transcribing agency KU
Modifying agency OCoLC
-- DLC
-- BD-RjUL
Language of cataloging eng
041 ## - LANGUAGE CODE
Language code of text/sound track or separate title eng
082 ## - DEWEY DECIMAL CLASSIFICATION NUMBER
Classification number 338.9
Author mark and year GHF 1962
100 1# - MAIN ENTRY--PERSONAL NAME
Personal name Ghosh, Santikumar.
9 (RLIN) 16459
245 14 - TITLE STATEMENT
Title The financing of economic development /
Statement of responsibility, etc. Santikumar Ghosh,
260 ## - PUBLICATION, DISTRIBUTION, ETC. (IMPRINT)
Place of publication, distribution, etc. Calcutta :
Name of publisher, distributor, etc. World Press,
Date of publication, distribution, etc. c1962.
300 ## - PHYSICAL DESCRIPTION
Pagination 100 p. ;
Illustrations ill. :
Size 21 cm.
504 ## - BIBLIOGRAPHY, ETC. NOTE
Bibliography, etc Includes bibliography.
650 #0 - SUBJECT ADDED ENTRY--TOPICAL TERM
Topical term or geographic name as entry element Economic development.
9 (RLIN) 16460
Topical term or geographic name as entry element Finance
Geographic subdivision India.
9 (RLIN) 13237
942 ## - ADDED ENTRY ELEMENTS (KOHA)
Source of classification or shelving scheme Dewey Decimal Classification
Koha item type Books
Holdings
Lost status Source of classification or shelving scheme Damaged status Not for loan Collection code Permanent Location Current Location Shelving location Date acquired Source of acquisition Cost, normal purchase price Total Checkouts Full call number Date last seen Copy number Koha item type
  Dewey Decimal Classification     Non-fiction Central Library, University of Rajshahi Central Library, University of Rajshahi   25/03/1965 SWEET & ZEITLINGER 13.00   338.9 GHF 1962 24/12/2013 C-3 Books
  Dewey Decimal Classification     Non-fiction Central Library, University of Rajshahi Central Library, University of Rajshahi   25/03/1965 SWEET & ZEITLINGER 13.00   338.9 GHF 1962 24/12/2013 C-7 Books
  Dewey Decimal Classification     Non-fiction Central Library, University of Rajshahi Central Library, University of Rajshahi   25/03/1965 SWEET & ZEITLINGER 13.00   338.9 GHF 1962 26/07/2016 C-2 Books
  Dewey Decimal Classification     Non-fiction Central Library, University of Rajshahi Central Library, University of Rajshahi   25/03/1965 SWEET & ZEITLINGER 13.00   338.9 GHF 1962 26/07/2016 C-4 Books
  Dewey Decimal Classification     Non-fiction Central Library, University of Rajshahi Central Library, University of Rajshahi   25/03/1965 SWEET & ZEITLINGER 13.00   338.9 GHF 1962 26/07/2016 C-5 Books
  Dewey Decimal Classification     Non-fiction Central Library, University of Rajshahi Central Library, University of Rajshahi   25/03/1965 SWEET & ZEITLINGER 13.00   338.9 GHF 1962 26/07/2016 C-6 Books
  Dewey Decimal Classification     Non-fiction Central Library, University of Rajshahi Central Library, University of Rajshahi   25/03/1965 SWEET & ZEITLINGER 13.00   338.9 GHF 1962 26/07/2016 C-8 Books
  Dewey Decimal Classification     Non-fiction Central Library, University of Rajshahi Central Library, University of Rajshahi   25/03/1965 SWEET & ZEITLINGER 13.00   338.9 GHF 1962 26/07/2016 C-9 Books
  Dewey Decimal Classification     Non-fiction Central Library, University of Rajshahi Central Library, University of Rajshahi   25/03/1965 SWEET & ZEITLINGER 13.00   338.9 GHF 1962 26/07/2016 C-10 Books